| 000 | 00675nam a2200217Ia 4500 | ||
|---|---|---|---|
| 001 | 16750 | ||
| 003 | GE_BSU | ||
| 008 | 181216s||||||||xx |||||||||||||| ||und|| | ||
| 040 | _cGE_BSU | ||
| 080 | _a821.353.1-32 | ||
| 100 | _aთორდუა, ვ. | ||
| 245 | _aგულის შუქი. ნამდვილი ამბავი | ||
| 245 | _cრედ. კ.ლოლაძე | ||
| 260 | _aთბილისი | ||
| 260 | _bსაქ. კპ-ც კ-ის გამ-ბა | ||
| 260 | _c1959 | ||
| 300 | _a142გვ. : ილ. ; 20სმ | ||
| 653 | _aგულის შუქი | ||
| 653 | _aნამდვილი ამბავი | ||
| 942 | _cBK | ||
| 999 |
_c49815 _d49815 |
||